000 01937nam a2200265 a 4500
008 120416s1978 ||||||||||||||||| || u
050 _aHF 5635 Fis
100 _aLier, J. Arthur
245 1 0 _aAdvanced accounting
260 _aCincinnati
_bSouth-Western Pub
_c1978
300 _a851p.
350 _a0.00
500 _aSB LIBRARY HAS 12 COPIES
700 _aFischer, Paul M
995 _aANNEX COLLECTION (Main Library)
_D0.00
_e701575
_FCBU-MAIN LIBRARY (Kitwe)
_H4
_I0.00
_jHF 5635 Fis
_UAVAILABLE
_y005442
_ZAnnex Low-Usage Collection
995 _aANNEX COLLECTION (Main Library)
_D0.00
_e701578
_FCBU-MAIN LIBRARY (Kitwe)
_H3
_I0.00
_jHF 5635 Fis
_UAVAILABLE
_y005463
_ZAnnex Low-Usage Collection
995 _aTEXTBOOKS (SB)
_D0.00
_e1934
_FCBU-SCHOOL TEXTBOOK COLLECTIONS
_H1
_I0.00
_jSCHOOL TEXTBOOK
_M8
_UAVAILABLE
_WSep 21, 2009
_y1934
_ZSchool Collections
995 _aTEXTBOOKS (SB)
_D0.00
_e8001
_FCBU-SCHOOL TEXTBOOK COLLECTIONS
_H1
_I0.00
_jSCHOOL TEXTBOOK
_UAVAILABLE
_WSep 25, 2009
_y8001
_ZSchool Collections
995 _aTEXTBOOKS (SB)
_D0.00
_e1933
_FCBU-SCHOOL TEXTBOOK COLLECTIONS
_H1
_I0.00
_jSCHOOL TEXTBOOK
_M7
_UAVAILABLE
_WSep 21, 2009
_y1933
_ZSchool Collections
995 _aANNEX COLLECTION (Main Library)
_D0.00
_e701576
_FCBU-MAIN LIBRARY (Kitwe)
_H1
_I0.00
_jHF 5635 Fis
_UAVAILABLE
_y005461
_ZAnnex Low-Usage Collection
995 _aTEXTBOOKS (SB)
_D0.00
_e1932
_FCBU-SCHOOL TEXTBOOK COLLECTIONS
_H1
_I0.00
_jSCHOOL TEXTBOOK
_M6
_UAVAILABLE
_WSep 21, 2009
_y1932
_ZSchool Collections
995 _aTEXTBOOKS (SB)
_D0.00
_e1055
_FCBU-SCHOOL TEXTBOOK COLLECTIONS
_H1
_I0.00
_jSCHOOL TEXTBOOK
_M5
_UAVAILABLE
_WSep 15, 2009
_y1055
_ZSchool Collections
995 _aANNEX COLLECTION (Main Library)
_D0.00
_e701577
_FCBU-MAIN LIBRARY (Kitwe)
_H2
_I0.00
_jHF 5635 Fis
_UAVAILABLE
_y005464
_ZAnnex Low-Usage Collection
995 _aTEXTBOOKS (SB)
_D0.00
_e1935
_FCBU-SCHOOL TEXTBOOK COLLECTIONS
_H1
_I0.00
_jSCHOOL TEXTBOOK
_M9
_UAVAILABLE
_WSep 21, 2009
_y1935
_ZSchool Collections
999 _c83680
_d83680